Les 15 sports les plus populaires - Statistiques

Statistiques générales
  • Ce quiz a été pris 171 fois
  • Le résultat moyen est 3 sur 15
Statistiques - réponses
Place Sport Nombre de fans % Correct
1 football 4 milliards
100%
2 cricket 2,5 milliards
37%
4 tennis 1 milliard
27%
7 basketball 825 millions
24%
3 hockey 2 milliards
16%
10 rugby 475 millions
15%
9 baseball 500 millions
12%
5 volleyball 900 millions
12%
11 golf 450 millions
10%
15 natation 190 millions
8%
6 tennis de table 875 millions
7%
12 boxe 390 millions
5%
13 cyclisme 380 millions
4%
8 badminton 681 millions
3%
14 billard 270 millions
1%
Aucun quiz correspondant
Distribution des résultats
% des personnes avec chaque résultat
Percentile par nombre de réponses
Votre historique - résultats
Vous n’avez pas pris ce quiz